000 00441nam a2200169Ia 4500
008 230711s9999||||xx |||||||||||||| ||und||
020 _a978-93-83635-12-2
041 _aENG
082 _a615.14
_bGO-P
100 _aPanchaksharappa Gowda,D.H
245 0 _aPharmaceutical Mathematics with Application to Pharmacy
250 _a1st Ed.
260 _c2014
_aHyderbad
_bPharmaMed Press
300 _a305p.
650 _aPharmacy
942 _cBK
999 _c7259
_d7259